Purdue Quiz - Statistics

General Stats
  • This quiz has been taken 278 times
  • The average score is 17 of 24
Answer Stats
Question Answer % Correct
What state is it in? Indiana
99%
Purdue alumni who took the first steps on the moon? Neil Armstrong
96%
What are official colors of the university? Black and old gold
95%
What is the nickname for students who attend the university? Boilermakers
95%
What about the city? West Lafayette
94%
What is the name of the football player mascot with the hammer? Purdue Pete
90%
Our biggest rival when it comes to sports? Indiana University
86%
Purdue quarterback who now plays for the New Orleans Saints? Drew Brees
82%
What is the name of the basketball stadium? Mackey Arena
82%
What is the name of the football stadium? Ross-Ade
81%
Who founded it? John Purdue
77%
One of Purdue's oldest and famous bars? Harry's Chocolate Shop
74%
When was it founded? 1869
72%
Name of the freshman orientation program? Boiler Gold Rush
69%
How many big ten championships does Purdue have in basketball? 22
66%
In athletics, what NCAA Division is the university under? Big Ten
64%
What is the name of the mascot that resembles a train? Boilermaker Special
63%
Name of the 50-mile go-kart race that takes place every April? Grand Prix
61%
Name of the fight song? Hail Purdue
61%
Name of the Purdue newspaper? The Exponent
58%
What is the name of the court in the stadium? Gene Keady Court
55%
When students dress up in costumes and hit the bars in the early morning? Breakfast Club
52%
Name of the event that raises money for Riley Hospital children? Purdue University Dance Marathon
25%
What about the Greek newspaper? The Odyssey
7%
No matching quizzes found
Score Distribution
Percent of People with Each Score
Percentile by Number Answered
Your Score History
You have not taken this quiz